Namibia trade directory 2007 : a review of Namibian trade and industry.

Bibliographic Details
Format: Book
Published: Windhoek: Namibia Trade Directory, 2007.
Subjects:
LEADER 00529cam a2200145 7i4500
001 0000019307
005 20070614090000.0
090 0 0 |a NAMB 338.7025   |b NAM 
245 0 0 |a Namibia trade directory 2007 :   |b a review of Namibian trade and industry. 
260 0 0 |a Windhoek:   |b Namibia Trade Directory,   |c 2007. 
300 # # |a 243 p. 
650 0 0 |a Business --   |x Directories --   |z Namibia  
651 0 0 |a Namibia  
999 |a 0000020198  |b Directories  |c Countries  |e Business Information Centre 
999 |a 0000020197  |b Directories  |c Countries  |e Business Information Centre